000
00204 a2200097 4500
001
48144
100
_a
Gibb
245
_a
Tunisia unveiled
260
_a
London
_b
Robert hale ltd
_c
090
_c
31114
_d
31114
942
_a
NUST-CAE
_c
M
_c
23464
999
_c
283217
_d
283217